000 00603nam a2200169 4500
001 125738
003 ES-MaACL
007 t|
008 070214m19051907it r ||||1| ita d
100 1 _aRatzel, Friedrich.
_995540
245 1 3 _aLa terra e la vita
_b: geografía comparativa /
_cFriedrich Ratzel ; traduzione a cura di Aristide Gignolini, Mario Lessona.
260 _aTorino :
_b[s.n.],
_c1905-7 (
_fUnione Tipografico-editrice)
300 _a2 v, 46 lám. :
_bil. ;
_c28 cm +
_e21 map.
700 1 _aGignolini, Aristide.
_956708
700 1 _aLessona, Mario.
_971856
852 _aES-MaACL
_jG-5809-10
999 _c125738
_d125738